[Event "SVK-chT1E 1819"]
[Site "Slovakia"]
[Date "2019.03.16"]
[Round "10.2"]
[White "Motycakova, Monika"]
[Black "Jurov, Pavol"]
[Result "1-0"]
[WhiteElo "2157"]
[BlackElo "1922"]
[PlyCount "103"]
[EventDate "2018.10.27"]
[EventType "team-tourn"]
[EventRounds "11"]
[EventCountry "SVK"]
[SourceTitle "CBM 189 Extra"]
[Source "ChessBase"]
[SourceDate "2019.06.03"]
[SourceVersion "1"]
[SourceVersionDate "2019.06.03"]
[SourceQuality "1"]
[WhiteTeam "Liptov Chess School II"]
[BlackTeam "Kosice Slavia TU II"]
[WhiteTeamCountry "SVK"]
[BlackTeamCountry "SVK"]

1. e4 c6 2. d4 d5 3. Nc3 dxe4 4. Nxe4 Bf5 5. Ng3 Bg6 6. h4 h6 7. Nf3 Nd7 8. h5 Bh7 9. Bd3 Bxd3 10. Qxd3 e6 11. Bf4 Ngf6 12. 0-0-0 Be7 13. Kb1 0-0 14. Ne4 Nxe4 15. Qxe4 Nf6 16. Qe2 Qd5 17. Ne5 Qe4 18. Qxe4 Nxe4 19. Be3 f5 20. Ng6 Rfe8 21. Nxe7+ Rxe7 22. f3 Nf6 23. Bf4 Rd7 24. Be5 Kf7 25. c4 Rad8 26. Kc2 Rc8 27. b3 a6 28. Kc3 Rcd8 29. c5 Nd5+ 30. Kd3 Nf6 31. Kc4 Rd5 32. Rde1 R5d7 33. Reg1 Rg8 34. g4 Rdd8 35. gxf5 exf5 36. Rh4 Nd5 37. Rh3 Rde8 38. Rg6 Rxe5 39. dxe5 Nf4 40. Rhg3 Nxg6 41. Rxg6 Re8 42. Kd4 Re6 43. Rxe6 Kxe6 44. b4 Kf7 45. Ke3 g5 46. hxg6+ Kxg6 47. Kf4 h5 48. Kg3 Kf7 49. Kh4 f4 50. Kxh5 Ke6 51. Kg4 Kxe5 52. Kg5 1-0

[Event "SVK-chT2D 1819"]
[Site "Slovakia"]
[Date "2018.10.14"]
[Round "2.6"]
[White "Jurov, Pavol"]
[Black "Elias, David"]
[Result "1-0"]
[WhiteElo "1951"]
[BlackElo "1592"]
[PlyCount "99"]
[EventDate "2018.10.13"]
[EventType "team-tourn"]
[EventRounds "11"]
[EventCountry "SVK"]
[SourceTitle "CBM 187 Extra"]
[Source "ChessBase"]
[SourceDate "2018.11.04"]
[SourceVersion "1"]
[SourceVersionDate "2018.11.04"]
[SourceQuality "1"]
[WhiteTeam "Moldava nad Bodvou"]
[BlackTeam "Sabinov II"]
[WhiteTeamCountry "SVK"]
[BlackTeamCountry "SVK"]

1. c4 Nf6 2. Nc3 g6 3. e4 e5 4. Be2 Bg7 5. d3 0-0 6. Bg5 c6 7. h4 h6 8. Be3 d6 9. g4 d5 10. g5 d4 11. gxh6 dxe3 12. hxg7 exf2+ 13. Kxf2 Kxg7 14. Nf3 Qb6+ 15. Kg2 Ng4 16. Qg1 Qxb2 17. Qc1 Qb6 18. Qg1 Qxg1+ 19. Raxg1 f5 20. Ng5 Na6 21. Bxg4 fxg4 22. Ne2 Nb4 23. d4 Bd7 24. dxe5 Nd3 25. Nd4 Rae8 26. Rf1 Nf4+ 27. Kg3 Ne6 28. Ndxe6+ Bxe6 29. Rxf8 Kxf8 30. c5 Re7 31. Rd1 Bc4 32. Kf4 a6 33. a3 Ke8 34. Rd6 Bf7 35. e6 Bg8 36. Kxg4 Rg7 37. Kf4 Ke7 38. Ke5 Bxe6 39. Rxe6+ Kd7 40. Kf6 Rg8 41. Kf7 Rh8 42. Re7+ Kc8 43. Re8+ Rxe8 44. Kxe8 Kc7 45. e5 b5 46. e6 a5 47. Kf7 b4 48. e7 b3 49. e8Q b2 50. Qa8 1-0

[Event "SVK-chT2D 1718"]
[Site "Slovakia"]
[Date "2017.11.26"]
[Round "4.4"]
[White "Pacholsky, Martin"]
[Black "Jurov, Pavol"]
[Result "1/2-1/2"]
[WhiteElo "2026"]
[BlackElo "1935"]
[PlyCount "84"]
[EventDate "2017.10.28"]
[EventType "team-tourn"]
[EventRounds "11"]
[EventCountry "SVK"]
[SourceTitle "EXT 2019"]
[Source "ChessBase"]
[SourceDate "2018.10.10"]
[SourceVersion "1"]
[SourceVersionDate "2018.10.10"]
[SourceQuality "1"]
[WhiteTeam "Gelnica Slovan"]
[BlackTeam "Moldava nad Bodvou"]
[WhiteTeamCountry "SVK"]
[BlackTeamCountry "SVK"]

1. e4 c6 2. d4 d5 3. exd5 cxd5 4. Bd3 Nc6 5. c3 Qc7 6. Nf3 Bg4 7. 0-0 e6 8. Bg5 Bd6 9. h3 Bh5 10. Nbd2 Nge7 11. Bxe7 Qxe7 12. Qb3 0-0 13. Rfe1 Qc7 14. Rac1 Bf4 15. Ra1 Rac8 16. Be2 a6 17. Qd1 Bxd2 18. Nxd2 Bxe2 19. Qxe2 Na5 20. Rab1 Nc4 21. Nxc4 Qxc4 22. Qxc4 Rxc4 23. Kf1 b5 24. Ke2 b4 25. Kd2 Rfc8 26. Re3 Kf8 27. a3 bxa3 28. bxa3 Ra4 29. Rb3 h5 30. h4 Rc7 31. Rd3 Ke7 32. Kc2 f6 33. Kb2 Rac4 34. Rb4 R4c6 35. f4 Kd6 36. Rg3 Re7 37. Rg6 Rec7 38. Rg3 Re7 39. Rg6 Kc7 40. Rg3 Kc8 41. Rg6 Kc7 42. Rg3 Kd6 1/2-1/2

[Event "SVK-chT1E 1617"]
[Site "Slovakia"]
[Date "2016.11.19"]
[Round "3.4"]
[White "Jurov, Pavol"]
[Black "Zatko, Gregor"]
[Result "1/2-1/2"]
[WhiteElo "1963"]
[BlackElo "2203"]
[PlyCount "63"]
[EventDate "2016.10.15"]
[EventType "team-tourn"]
[EventRounds "11"]
[EventCountry "SVK"]
[SourceTitle "EXT 2018"]
[Source "ChessBase"]
[SourceDate "2017.10.13"]
[SourceVersion "1"]
[SourceVersionDate "2017.10.13"]
[SourceQuality "1"]
[WhiteTeam "Presov Slavia PU"]
[BlackTeam "Banska Bystrica Junior"]
[WhiteTeamCountry "SVK"]
[BlackTeamCountry "SVK"]

1. Nf3 Nf6 2. g3 b6 3. Bg2 Bb7 4. c4 c5 5. 0-0 d6 6. d4 cxd4 7. Qxd4 Nc6 8. Qf4 g6 9. Nc3 Bg7 10. Rd1 Nd7 11. Be3 0-0 12. Qh4 Re8 13. Ng5 Nf8 14. Nge4 Ne6 15. Bh6 f6 16. Bxg7 Kxg7 17. b4 f5 18. Ng5 Nxg5 19. Qxg5 Qd7 20. c5 Ne5 21. Bxb7 Qxb7 22. cxd6 Nf7 23. Qf4 Nxd6 24. Qe5+ Kg8 25. Qe6+ Kf8 26. Rd4 Qc8 27. Qe3 Nf7 28. Rc1 Qb7 29. Rcd1 Rad8 30. Rxd8 Rxd8 31. Rxd8+ Nxd8 32. Qd4 1/2-1/2

[Event "SVK-chT2D 1516"]
[Site "Slovakia"]
[Date "2016.03.12"]
[Round "10.2"]
[White "Tauber, Marek"]
[Black "Jurov, Pavol"]
[Result "1-0"]
[WhiteElo "2155"]
[BlackElo "1982"]
[PlyCount "73"]
[EventDate "2015.10.17"]
[EventType "team-tourn"]
[EventRounds "11"]
[EventCountry "SVK"]
[SourceTitle "EXT 2017"]
[Source "ChessBase"]
[SourceDate "2016.10.25"]
[SourceVersion "1"]
[SourceVersionDate "2016.10.25"]
[SourceQuality "1"]
[WhiteTeam "Spisska Stara Ves"]
[BlackTeam "Kosice Dynamo"]
[WhiteTeamCountry "SVK"]
[BlackTeamCountry "SVK"]

1. e4 e6 2. d4 d5 3. e5 c5 4. c3 Qb6 5. Nf3 Nc6 6. a3 Nh6 7. b4 cxd4 8. cxd4 Nf5 9. Bb2 Bd7 10. Be2 Na5 11. Nbd2 Rc8 12. 0-0 Nc4 13. Nxc4 dxc4 14. Rc1 Qa6 15. d5 exd5 16. e6 Bxe6 17. Nd4 Nxd4 18. Qxd4 Qb6 19. Qd2 Be7 20. Bxg7 Rg8 21. Qc3 Rxg7 22. Qxg7 d4 23. Rfe1 Rc6 24. Qxh7 d3 25. Bxd3 cxd3 26. Qxd3 Rxc1 27. Rxc1 Bd6 28. h4 Bf4 29. Rd1 Bg4 30. Qe4+ Kf8 31. Rd4 Be6 32. Qxf4 a5 33. Qd6+ Qxd6 34. Rxd6 axb4 35. axb4 b5 36. f3 Ke7 37. Rxe6+ 1-0

[Event "SVK-chT2D 14/15"]
[Site "Slovakia"]
[Date "2014.11.09"]
[Round "4.2"]
[White "Jurov, Pavol"]
[Black "Volcko, Richard"]
[Result "0-1"]
[WhiteElo "1924"]
[BlackElo "1850"]
[PlyCount "140"]
[EventDate "2014.10.11"]
[EventType "team-tourn"]
[EventRounds "11"]
[EventCountry "SVK"]
[SourceTitle "EXT 2019"]
[Source "ChessBase"]
[SourceDate "2018.10.10"]
[SourceVersion "1"]
[SourceVersionDate "2018.10.10"]
[SourceQuality "1"]
[WhiteTeam "Kosice Slavia TU IV"]
[BlackTeam "Bardejov BSK"]
[WhiteTeamCountry "SVK"]
[BlackTeamCountry "SVK"]

1. d4 d5 2. c4 dxc4 3. e3 e6 4. Bxc4 Nf6 5. Nf3 c5 6. 0-0 a6 7. Nc3 Nc6 8. d5 Na5 9. Bd3 exd5 10. Qc2 Be7 11. b3 0-0 12. Bb2 Nc6 13. h3 Nb4 14. Qe2 Nxd3 15. Qxd3 h6 16. Rfd1 Be6 17. Ne2 Bd6 18. Nf4 Bxf4 19. exf4 d4 20. b4 b6 21. a4 Qd5 22. a5 Bf5 23. Qa3 d3 24. axb6 c4 25. Nd2 Rfc8 26. Qc3 Be6 27. Ra5 Qb7 28. g4 Bd5 29. g5 Bh1 30. f3 Bxf3 31. Rf1 Bh1 32. Rf2 hxg5 33. Rxg5 Kf8 34. Rxg7 Kxg7 35. Qxf6+ Kf8 36. Qh8+ Ke7 37. Qf6+ Ke8 38. Qh8+ Kd7 39. Qf6 Rg8+ 40. Kf1 Bg2+ 41. Ke1 Bd5 42. Nf3 Rae8+ 43. Ne5+ Kc8 44. Qd6 Qc6 45. Qxc6+ Bxc6 46. Kd2 Bd5 47. Ng4 Rd8 48. Be5 f5 49. Nf6 Rg2 50. Rxg2 Bxg2 51. h4 Rh8 52. Ne4 Bxe4 53. Bxh8 Bd5 54. h5 Kb7 55. Bd4 Bg8 56. Kc3 Kc6 57. h6 Kb7 58. Be3 Kc6 59. Kd2 Kb7 60. Kc3 Kc6 61. Kd4 Kxb6 62. Ke5+ Kb5 63. Kf6 c3 64. Kg7 d2 65. Kxg8 d1Q 66. h7 Qd8+ 67. Kg7 Qe7+ 68. Kg6 Qxe3 69. h8Q c2 70. Qe8+ Qxe8+ 0-1

[Event "SVK-chT2D 1314"]
[Site "Slovakia"]
[Date "2014.03.15"]
[Round "10.5"]
[White "Jusko, Peter"]
[Black "Jurov, Pavol"]
[Result "0-1"]
[WhiteElo "1890"]
[BlackElo "1909"]
[PlyCount "98"]
[EventDate "2013.10.19"]
[EventType "team-tourn"]
[EventRounds "11"]
[EventCountry "SVK"]
[SourceTitle "EXT 2015"]
[Source "ChessBase"]
[SourceDate "2014.11.20"]
[SourceVersion "1"]
[SourceVersionDate "2014.11.20"]
[SourceQuality "1"]
[WhiteTeam "Sabinov II"]
[BlackTeam "Kosice Slavia TU IV"]
[WhiteTeamCountry "SVK"]
[BlackTeamCountry "SVK"]

1. d4 Nf6 2. c4 g6 3. Nc3 d5 4. cxd5 Nxd5 5. e4 Nxc3 6. bxc3 Bg7 7. Nf3 c5 8. Rb1 0-0 9. Be2 Nc6 10. d5 Ne5 11. Nxe5 Bxe5 12. Qd2 Qa5 13. Rb3 e6 14. f4 Bg7 15. d6 Bd7 16. 0-0 Bc6 17. Bf3 c4 18. Ra3 Qc5+ 19. Qe3 Qxd6 20. e5 Qc7 21. Qc5 Qb6 22. Be3 Qxc5 23. Bxc5 Bxf3 24. Rxf3 Rfc8 25. Bd4 a6 26. Rf1 a5 27. Rb1 a4 28. Rxb7 Bf8 29. Rb4 Bxb4 30. cxb4 Rd8 31. Bc5 Rd3 32. Rxd3 cxd3 33. Kf2 Rd8 34. Bd6 Rc8 35. Bc5 Rd8 36. Bd6 Rc8 37. Bc5 f6 38. Ke3 g5 39. g3 gxf4+ 40. gxf4 Kf7 41. Kxd3 fxe5 42. fxe5 Rg8 43. b5 Ke8 44. b6 Kd7 45. Kc4 Kc6 46. a3 Rg2 47. b7 Kxb7 48. Kb5 Rxh2 49. Kxa4 Rb2 0-1

[Event "SVK-chT 1314"]
[Site "Slovakia"]
[Date "2014.01.26"]
[Round "6.8"]
[White "Novak, Stanislav"]
[Black "Jurov, Pavol"]
[Result "0-1"]
[WhiteElo "1951"]
[BlackElo "1909"]
[PlyCount "82"]
[EventDate "2013.11.09"]
[EventType "team-tourn"]
[EventRounds "11"]
[EventCountry "SVK"]
[SourceTitle "EXT 2015"]
[Source "ChessBase"]
[SourceDate "2014.11.20"]
[SourceVersion "1"]
[SourceVersionDate "2014.11.20"]
[SourceQuality "1"]
[WhiteTeam "Bratislava Doprastav"]
[BlackTeam "Kosice Slavia TU"]
[WhiteTeamCountry "SVK"]
[BlackTeamCountry "SVK"]

1. e4 e6 2. d4 d5 3. Nd2 Nf6 4. e5 Nfd7 5. Bd3 c5 6. c3 Nc6 7. Ne2 cxd4 8. cxd4 f6 9. exf6 Nxf6 10. Nf3 Bd6 11. 0-0 0-0 12. a3 Bd7 13. b4 a6 14. Bg5 Be8 15. Ng3 h6 16. Bd2 Nh5 17. Be3 Nxg3 18. fxg3 Bh5 19. Ra2 e5 20. dxe5 Nxe5 21. Be2 Qe7 22. Bd4 Nc4 23. Qd3 Rae8 24. Qc3 Ne5 25. Nh4 Rxf1+ 26. Bxf1 Rf8 27. Rf2 Rxf2 28. Kxf2 Ng4+ 29. Kg1 Be5 30. Nf3 Bxd4+ 31. Nxd4 Qe3+ 32. Qxe3 Nxe3 33. Bd3 Nc4 34. a4 Kf7 35. Kf2 Kf6 36. a5 Ke5 37. Nb3 Be8 38. Ke2 Bc6 39. Bg6 Ba4 40. Nc5 Bb5 41. Nb3 Nxa5+ 0-1

[Event "SVK-chT2D 1314"]
[Site "Slovakia"]
[Date "2013.11.23"]
[Round "3.8"]
[White "Jurov, Pavol"]
[Black "Silon, Miroslav"]
[Result "1-0"]
[WhiteElo "1909"]
[BlackElo "1360"]
[PlyCount "50"]
[EventDate "2013.10.19"]
[EventType "team-tourn"]
[EventRounds "11"]
[EventCountry "SVK"]
[SourceTitle "EXT 2015"]
[Source "ChessBase"]
[SourceDate "2014.11.20"]
[SourceVersion "1"]
[SourceVersionDate "2014.11.20"]
[SourceQuality "1"]
[WhiteTeam "Kosice Slavia TU IV"]
[BlackTeam "Kezmarok II"]
[WhiteTeamCountry "SVK"]
[BlackTeamCountry "SVK"]

1. d4 b5 2. c3 Bb7 3. a4 a6 4. Qb3 c6 5. axb5 cxb5 6. Nf3 e6 7. g3 Bxf3 8. exf3 Nc6 9. Bg2 d5 10. 0-0 Nf6 11. Nd2 Be7 12. Qd1 0-0 13. Nb3 a5 14. Be3 Nd7 15. Qe2 Qb6 16. Rfc1 a4 17. Nd2 b4 18. cxb4 Bxb4 19. Nb1 Rfb8 20. Qd1 Qb7 21. Rxa4 Rxa4 22. Qxa4 Na5 23. Bf4 e5 24. dxe5 Qb5 25. Qc2 Qc4 1-0

[Event "SVK-chT2D 1213"]
[Site "Slovakia"]
[Date "2012.12.16"]
[Round "6.6"]
[White "Jurov, Pavol"]
[Black "Tatarko, Tomas"]
[Result "0-1"]
[WhiteElo "1839"]
[BlackElo "1987"]
[PlyCount "72"]
[EventDate "2012.10.13"]
[EventType "team-tourn"]
[EventRounds "11"]
[EventCountry "SVK"]
[SourceTitle "EXT 2015"]
[Source "ChessBase"]
[SourceDate "2014.11.20"]
[SourceVersion "1"]
[SourceVersionDate "2014.11.20"]
[SourceQuality "1"]
[WhiteTeam "Presov Slavia"]
[BlackTeam "Sabinov II"]
[WhiteTeamCountry "SVK"]
[BlackTeamCountry "SVK"]

1. d4 d5 2. c4 e6 3. Nc3 Nf6 4. cxd5 exd5 5. Bg5 Be7 6. e3 0-0 7. Bd3 Nbd7 8. Qc2 h6 9. Bh4 Re8 10. Nge2 Nf8 11. f3 c6 12. 0-0 Bd6 13. e4 dxe4 14. fxe4 Be7 15. Rad1 Be6 16. Kh1 Qa5 17. Bxf6 Bxf6 18. e5 Bg5 19. Ne4 Be7 20. Nf4 Rad8 21. Nxe6 Nxe6 22. Bc4 Rf8 23. Qf2 Qb4 24. Bxe6 fxe6 25. Qg3 Rxd4 26. Rxf8+ Bxf8 27. Re1 Rxe4 28. Rf1 Qe7 29. h3 Rd4 30. Qg6 Qd7 31. Rf6 Bc5 32. Rxe6 Rd1+ 33. Kh2 Bg1+ 34. Kg3 Qd3+ 35. Qxd3 Rxd3+ 36. Kf4 Kf7 0-1